| 000 | 00638nam a2200145Ia 4500 | ||
|---|---|---|---|
| 008 | 250506s9999 xx 000 0 und d | ||
| 024 | _a17B-007-CS, 17B-061-CS, 17B-021-CS, 17B-009-CS & 17B-044-CS | ||
| 082 | _a005.99072 ABD | ||
| 100 | _aAbdullah Rizwan, Quaid Johar Mustafa, M. Kumail Habib Mirza, M. Tameem Shahid & Yumna Sameen Zia | ||
| 245 | 0 | _aNamed Data Networking Using Software Defined Networking | |
| 260 |
_aKarachi: _bUIT, _c2017 |
||
| 600 | _aComputer Science | ||
| 650 | _aBachelor of Computer Science (BS) | ||
| 856 |
_uhttps://drive.google.com/file/d/1fXqqZRNhhNnVCCRmLcCSMenU9N_ztVqC/view?usp=sharing _yClick here for PDF |
||
| 999 |
_c28963 _d28963 |
||